000 00661nam a22002057a 4500
005 20251108165314.0
008 250721s1995 xx 000 0 ara d
082 1 4 _a956.541/روا
100 1 _aالواشدة، هاشم علي
245 1 0 _aقرية الغوير :
_bدراسة جغرافيه إجتماعيه إقتصاديه /
264 1 _aالكرك :
_bجامعة مؤته،
_c1995.
300 _a272ص.
650 1 7 _aتاريخ الأردن
650 1 7 _aالكرك
650 1 7 _aالجغرافيا
700 1 _aالضلاعين، خازر ياسين
700 1 _aالرواضيه، صالح محمد
942 _2ddc
_cBK
999 _c24656
_d24656